Language Quiz

Random Language or World Quiz
Score 0/18 Timer 01:00
19 Plays Today
Hint Letter % Correct
Letter 3 E 
98.2%
Letter 16 E 
98.2%
Letter 1 S 
94.1%
Letter 17 S 
94.1%
Letter 8 G 
80%
Letter 14 G 
80%
Letter 4 A 
71%
Letter 2 P 
69%
Letter 6 I 
66.5%
Hint Letter % Correct
Letter 9 I 
66.5%
Letter 11 T 
52.4%
Letter 5 K 
46%
Letter 7 N 
45.1%
Letter 10 N 
45.1%
Letter 13 N 
45.1%
Letter 15 U 
41.4%
Letter 12 O 
27%
Mystery PhraseSpeaking in Tongues
26.1%

You're not logged in!

Compare scores with friends on all Sporcle quizzes.
OR
Log In

Sporcle TV

Today on Sporcle TV


Watch our educational content, quiz creation guides, and fun videos on Sporcle TV.

Show Comments

Extras

Top Quizzes Today


Score Distribution

Paid Content

Your Account Isn't Verified!

In order to create a playlist on Sporcle, you need to verify the email address you used during registration. Go to your Sporcle Settings to finish the process.

Report this User

Report this user for behavior that violates our Community Guidelines.

Details: